<?xml version="1.0" encoding="UTF-8"?>
<record
    xmlns:xsi="http://www.w3.org/2001/XMLSchema-instance"
    xsi:schemaLocation="http://www.loc.gov/MARC21/slim http://www.loc.gov/standards/marcxml/schema/MARC21slim.xsd"
    xmlns="http://www.loc.gov/MARC21/slim">

  <leader>01467aam a2200277 i 4500</leader>
  <controlfield tag="001">14369</controlfield>
  <controlfield tag="003">CO-MdBIC</controlfield>
  <controlfield tag="005">20220218093159.0</controlfield>
  <controlfield tag="008">220218t2002    sp ||||| |||| 00| 0 eng d</controlfield>
  <datafield tag="020" ind1=" " ind2=" ">
    <subfield code="a">84-293-1436-9</subfield>
  </datafield>
  <datafield tag="040" ind1=" " ind2=" ">
    <subfield code="b">spa.</subfield>
    <subfield code="a">CO-MdFUSB</subfield>
    <subfield code="c">CO-MdFUSB</subfield>
    <subfield code="d">CO-MdFUSBC</subfield>
    <subfield code="e">rda</subfield>
  </datafield>
  <datafield tag="041" ind1=" " ind2=" ">
    <subfield code="a">spa</subfield>
  </datafield>
  <datafield tag="082" ind1="0" ind2="4">
    <subfield code="a">R 225.7 Q52b</subfield>
  </datafield>
  <datafield tag="245" ind1="1" ind2="0">
    <subfield code="a">La Biblia y su cultura : Jes&#xFA;s y el Nuevo Testamento / Michel Quesnel, Philippe Gruson, Directores ; Ram&#xF3;n Alfonso D&#xED;ez Arag&#xF3;n, Gregorio de Pablo Otero,  Traductores</subfield>
    <subfield code="c">/ </subfield>
  </datafield>
  <datafield tag="260" ind1=" " ind2=" ">
    <subfield code="a">Santander :  Sal Terrae</subfield>
  </datafield>
  <datafield tag="264" ind1=" " ind2="1">
    <subfield code="a">Santander :  </subfield>
    <subfield code="b">Sal Terrae, </subfield>
    <subfield code="c">[2002]</subfield>
  </datafield>
  <datafield tag="264" ind1=" " ind2="4">
    <subfield code="c">&#xA9; 2002</subfield>
  </datafield>
  <datafield tag="300" ind1=" " ind2=" ">
    <subfield code="a">606 P&#xE1;g.</subfield>
    <subfield code="c">; </subfield>
  </datafield>
  <datafield tag="336" ind1=" " ind2=" ">
    <subfield code="2">rdacontent</subfield>
    <subfield code="a">texto</subfield>
    <subfield code="b">txt</subfield>
  </datafield>
  <datafield tag="337" ind1=" " ind2=" ">
    <subfield code="2">rdamedia</subfield>
    <subfield code="a">sin mediaci&#xF3;n</subfield>
    <subfield code="b">n</subfield>
  </datafield>
  <datafield tag="338" ind1=" " ind2=" ">
    <subfield code="2">rdacarrier</subfield>
    <subfield code="a">volumen</subfield>
    <subfield code="b">nc</subfield>
  </datafield>
  <datafield tag="505" ind1="0" ind2="0">
    <subfield code="a">- Jes&#xFA;s: El medio palestino - Origen y educaci&#xF3;n - Maestro y taumaturgo - Pasi&#xF3;n y resurecci&#xF3;n - El mundo mediterr&#xE1;neo fuera del pa&#xED;s de los jud&#xED;os - Pablo - Marcos y el fen&#xF3;meno sin&#xF3;ptico - Mateo - Lucas-Hechos - Juan y el medio jo&#xE1;nico - Cartas cat&#xF3;licas y fin de la redacci&#xF3;n del Nuevo Testamento - El cristianismo en el siglo I, fuera del Nuevo Testamento - Padres apost&#xF3;licos y ap&#xF3;crifos cristianos - Hermen&#xE9;utica y lecturas b&#xED;blicas - Canonicidad e inspiraci&#xF3;n - Ap&#xE9;ndices: Los manuscritos de los Setenta y del Nuevo Testamento - El griego de la Biblia - Cronolog&#xED;a</subfield>
  </datafield>
  <datafield tag="653" ind1=" " ind2=" ">
    <subfield code="a">La biblia en su cultura</subfield>
  </datafield>
  <datafield tag="942" ind1=" " ind2=" ">
    <subfield code="c">BK</subfield>
  </datafield>
  <datafield tag="945" ind1=" " ind2=" ">
    <subfield code="a">Estudiante</subfield>
  </datafield>
  <datafield tag="952" ind1=" " ind2=" ">
    <subfield code="0">0</subfield>
    <subfield code="1">0</subfield>
    <subfield code="2">ddc</subfield>
    <subfield code="3">2</subfield>
    <subfield code="4">0</subfield>
    <subfield code="7">0</subfield>
    <subfield code="8">REF</subfield>
    <subfield code="a">FUSBC</subfield>
    <subfield code="b">FUSBC</subfield>
    <subfield code="d">2007-06-12</subfield>
    <subfield code="l">3</subfield>
    <subfield code="o">R 225.7 Q52b </subfield>
    <subfield code="p">16421</subfield>
    <subfield code="r">2025-10-15 00:00:00</subfield>
    <subfield code="s">2022-09-06</subfield>
    <subfield code="t">1</subfield>
    <subfield code="w">2016-01-26</subfield>
    <subfield code="y">REF</subfield>
    <subfield code="B">0</subfield>
    <subfield code="I">INV2023</subfield>
  </datafield>
  <datafield tag="999" ind1=" " ind2=" ">
    <subfield code="c">43241</subfield>
    <subfield code="d">43241</subfield>
  </datafield>
</record>
